|
|
|
|
| LEADER |
00000naa a2200000uu 4500 |
| 001 |
vtls011087960 |
| 003 |
SK-MaSNL |
| 005 |
20260302141140.0 |
| 008 |
210905|2006 xo |||||||||||||||||eng| |
| 015 |
|
|
|a SNBRA
|
| 035 |
|
|
|a (urnnbn)urn:nbn:sk:snk:ar-a0co05
|
| 035 |
|
|
|a (uuid)c8b2d741-ee2d-400b-84b4-385b94465c6f
|
| 035 |
|
|
|a urn:nbn:sk:snk-aavttp
|
| 040 |
|
|
|a SNKBUCL
|b slo
|c SNKBUCL
|e AACR2
|
| 041 |
0 |
|
|a eng
|
| 044 |
|
|
|a xo
|c SK
|
| 100 |
1 |
|
|a Hubová, Oľga,
|d 1951-
|4 aut
|9 9928
|
| 245 |
1 |
0 |
|a THE EFFECT OF THE WIND ON THE STRUCTURE
|c O. Hubová
|
| 773 |
0 |
|
|t 5th International Conference on New Trends in Statics and Dynamics of Buildings
|d In Bratislava : Slovak University of Technology, 2006
|g S. 231-234
|z 8022724793
|
| 958 |
|
|
|a OND
|
| 958 |
|
|
|a article12
|
| 958 |
|
|
|a chapter
|
| 999 |
|
|
|c 1334613
|d 1336543
|